|
|
|
|
| LEADER |
00000nam a22000007a 4500 |
| 005 |
20190917132631.0 |
| 007 |
cr|||| |||| |
| 008 |
190917s2019 in |||||s|||| 00||0 eng d |
| 020 |
|
|
|a 9786138611240
|
| 035 |
|
|
|a 25246
|
| 040 |
|
|
|a vLex
|
| 090 |
|
|
|c 9542
|d 9542
|
| 100 |
1 |
|
|a Narmadha, Radhakrishnan
|
| 245 |
1 |
0 |
|a Investors Behaviour in Equity Derivative Market
|h [Recurso electrn̤ico] /
|c Radhakrishnan Narmadha, Mohan Sumathy
|
| 256 |
|
|
|a Servicio en ln̕ea
|
| 260 |
|
|
|a Nueva Delhi:
|b Scholars' Press,
|c 2019
|
| 300 |
|
|
|a 1 recurso electrn̤ico
|
| 500 |
|
|
|a The book brings out importance of investing in derivative market through the factors that influence factors in decision making. Investor with more experience is not just enough for making profit. It involves all the aspects. One investor need experience with knowledge about the stock market, knowledge about the technical indicators of the commodity market to deal with high risk investment. Every other person in the equity market is in need of profits. When there is a profit maker, there is also a loser. So taking decisions by relying completely on other’s opinion may result in negative returns. This may also comply with the fact of risk appetite in taking decisions.
|
| 506 |
1 |
|
|a Disponible solo en los productos indicados
|d vLex Global
|d vLex Global (Academic Edition, excluding Law Schools)
|d vLex Global (U.S. Academic Edition, Law Schools)
|d vLex Global (U.S. Academic Edition, excluding Law Schools)
|d vLex Global (Academic Edition, Law Schools)
|
| 650 |
0 |
4 |
|a Derecho Pb︢lico y Administrativo
|z India
|
| 700 |
1 |
|
|a Sumathy, Mohan
|
| 740 |
0 |
|
|a vLex Libros (Servicio en ln̕ea)
|
| 856 |
4 |
0 |
|u http://vlex.com/source/25246
|z Acceso restringido
|
| 942 |
|
|
|c BOOK
|
| 999 |
0 |
|
|a Public and Administrative Law
|